000
00422nam a2200145Ia 4500
008
100122s9999 xx 000 0 und d
082
_b
40855
_a
823.08
100
_a
प्रभुदेसाई बाळकृष्ण
245
_a
गंधर्व
260
_b
मौज प्रकाशन गृह
_c
1987
300
_a
199
630
_a
गंधर्व
730
_a
गंधर्व
942
_c
BOOK
999
_c
421655
_d
421652